Nové výzvy v oblasti verejných financií 2025 zborník vedeckých statí

Salvato in:
Dettagli Bibliografici
Ente Autore: Národohospodárska fakulta EU. Katedra financií
Altri autori: Kušnírová, Jana, 1977-, al Absi, Marwan, Tökölyová, Tatiana, Roková, Elena, Korytárová, Zuzana, Belanová, Katarína, 1978-, Boór, Matej, 1988-
Natura: Libro
Lingua:slovacco
inglese
Pubblicazione: Bratislava Vydavateľstvo EKONÓM 2025
Edizione:1. vydanie
Soggetti:
Tags: Aggiungi Tag
Nessun Tag, puoi essere il primo ad aggiungerne!!

MARC

LEADER 00000nlm a2200000 4500
001 0314124
005 20260219105151.7
020 |a 978-80-225-5264-6 
041 0 |a slo 
041 0 |a eng 
044 |a SK 
245 1 0 |a Nové výzvy v oblasti verejných financií 2025  |b zborník vedeckých statí  |c zostavovateľ zborníka: Jana Kušnírová ; recenzenti: Marwan al Absi, Tatiana Tökölyová, Elena Roková ... [et al.] 
250 |a 1. vydanie 
264 1 |a Bratislava  |b Vydavateľstvo EKONÓM  |c 2025 
300 |a CD-ROM [120 s.] [6 AH] 
610 2 0 |a financie verejné 
610 2 0 |a politika daňová 
610 2 0 |a mikroekonomika 
610 2 0 |a makroekonomika 
610 2 0 |a podnik malý 
610 2 0 |a podnik stredný 
610 2 0 |a zodpovednosť podniku spoločenská 
610 2 0 |a udržateľnosť 
700 1 |a Kušnírová, Jana, 1977- 
700 1 |a al Absi, Marwan 
700 1 |a Tökölyová, Tatiana 
700 1 |a Roková, Elena 
700 1 |a Korytárová, Zuzana 
700 1 |a Belanová, Katarína, 1978- 
700 1 |a Boór, Matej, 1988- 
710 2 |a Národohospodárska fakulta EU. Katedra financií